| 000 | 01238cam a2200301 i 4500 | ||
|---|---|---|---|
| 001 | 31581 | ||
| 003 | Mx-PuUPA | ||
| 005 | 20251124161158.0 | ||
| 008 | 140415s2009 mx a gr 001 0 spa d | ||
| 020 | _a978607020858 | ||
| 040 |
_cMx-PuUPA _aMx-PuUPA _bspa _dMx-PuUPA _erda |
||
| 041 | 0 | _aspa | |
| 043 | _acl----- | ||
| 245 | 1 | 3 |
_aDe otros asuntos e historias de la arquitectura : _binterpretaciones poco conocidas o no divulgadas / _cVania Verónica Hennings Hinojosa, María Elena Hernández Álvarez, compiladoras |
| 250 |
_aPrimera edición / _bnoviembre |
||
| 264 | 1 |
_aMéxico, D.F. : _bUniversidad Nacional Autónoma de México, _c2009 |
|
| 300 |
_axii, 191 páginas : _bilustraciones, mapas (blanco y negro) ; _c23 cm |
||
| 336 |
_2rdacontent _atexto _btxt |
||
| 337 |
_2rdamedia _asin medio _bn |
||
| 338 |
_2rdacarrier _avolumen _bnc |
||
| 650 | 7 |
_2armarc _aArquitectura _zAmérica Latina _xHistoria |
|
| 700 | 1 |
_aHernández Álvarez, María Elena, _ecompilador _917411 |
|
| 700 | 1 |
_aHennings Hinojosa, Vania Verónica, _ecompilador |
|
| 942 |
_2ddc _cLI _h720.98 _iD48 |
||
| 999 |
_c31581 _d31581 |
||